Pokémon - Les attaques de Terapagos - Statistiques

Statistiques générales
  • Ce quiz a été pris 4 fois
  • Le résultat moyen est 7 sur 12
Statistiques - réponses
Niveaux Types Noms des attaques % Correct
Départ Roche Pouvoir Antique
100%
Niveau 30 Normal Abri
75%
Niveau 60 Normal Pluie Térastrale
75%
Niveau 40 Sol Telluriforce
75%
Niveau 20 Normal Coup d'Boule
50%
Niveau 70 Normal Damoclès
50%
Niveau 90 Acier Gyroballe
50%
Niveau 80 Roche Poliroche
50%
Départ Eau Repli
50%
Niveau 50 Acier Tacle Lourd
50%
Départ Normal Tour Rapide
50%
Départ Normal Triplattaque
25%
Aucun quiz correspondant
Distribution des résultats
% des personnes avec chaque résultat
Percentile par nombre de réponses
Votre historique - résultats
Vous n’avez pas pris ce quiz